00661pam a2200229 a 450000100070000000500170000700800410002401000170006502000150008204000180009704100080011504200090012308000190013208200230015110000060017410100080018024500510018890600450023994200120028499900170029695201180031358134620180202070840.0900209s1990 nyua j b 001 0 eng  a 90032658  a0531109550 aDLCcDLCdDLC aeng alcac a618.920043 GRA00a618.920043 GRA2201 a3 aSHM10aUnderstanding birth defects /cKaren Gravelle. a7bcbccorignewd1eocipf19gy-gencatlg 2ddccBK c41635d41635 00102udc40708PËKGa002b002cPËKGd2018-02-02l0o618.920043 GRAp002-2997482r2018-02-02w2018-02-02yBK